Cuba First Level Subdivisions - Statistics

General Stats
  • This quiz has been taken 189 times
  • The average score is 7 of 16
Answer Stats
Provincias % Correct
Havana
90%
Guantánamo
62%
Santiago de Cuba
54%
Camagüey
49%
Isla de la Juventud
49%
Pinar del Río
46%
Cienfuegos
43%
Matanzas
41%
Granma
39%
Holguín
39%
Artemisa
38%
Villa Clara
38%
Sancti Spíritus
34%
Ciego de Ávila
33%
Las Tunas
31%
Mayabeque
31%
No matching quizzes found
Score Distribution
Percent of People with Each Score
Percentile by Number Answered
Your Score History
You have not taken this quiz